000
00346nam a2200145Ia 4500
008
240624s9999 xx 000 0 und d
041
_a
eng
082
_a
346.07 BEH
100
_a
KAPOOR N D
245
_a
HANDBOOK OF INDUSTRIAL LAW
250
_a
(12th ed.)
260
_c
2010
_a
New Delhi
_b
Sultan Chand
300
_a
596 : p.
365
_c
RS
_b
25
999
_c
21452
_d
21452